000 00345nam a2200133 i 4500
001 bg
100 1 _aSZULC, Jan Edward
245 0 _aZ zagadnień podobieństwa modelowego elementów zbrojnych /
_cJan Edward Szulc.
260 _aWarszawa,
_c1963.
040 _cBPK
041 _apol
942 _cKS
008 s pl f |000 0 pol
999 _c16161
_d16161
856 _uhttp://koha.tu.koszalin.pl/cgi-bin/koha/opac-detail.pl?biblionumber=16161
_yKatalog online BPK